000 00581nam a2200229Ia 4500
003 OSt
005 20221005132827.0
006 a|||||r|||| 00| 0
007 ta
008 221004b |||||||| |||| 00| 0 mal d
024 _a55219
037 _cTextual
040 _aCRL
_cCRL
_bmal
041 _2mal
_amal
082 _aO32,1M78:g, J9
100 _aTrivandrum Ed.
_9641723
245 0 _aVallathol kavita
260 _c1959
650 _aMALAYALAM LITERATURE
_938866
942 _hO32,1M78:g, J9
_cTEXL
_2cc
999 _c1064951
_d1064951